LEADER 01841nam0 2200373 i 450 001 VAN0123429 005 20231207032757.90 010 $a978-33-19-54145-7 100 $a20190919d2017 |0itac50 ba 101 $aeng 102 $aCH 105 $a|||| ||||| 200 1 $aApplications of Radiation Chemistry in the Fields of Industry, Biotechnology and Environment$fMargherita Venturi, Mila D?Angelantonio editors 210 $aCham$cSpringer$d2017 215 $aIX, 302 p.$cill.$d24 cm 410 1$1001VAN0123279$12001 $aTopics in Current Chemistry Collections$1210 $aCham$cSpringer 620 $aCH$dCham$3VANL001889 676 $a660$cIngegneria chimica e tecnologie connesse$v22 676 $a540$cChimica generale$v22 676 $a541.38$cRadiochimica. Chimica nucleare$v22 676 $a660.29$cIngegneria chimica. Chimica fisica applicata$v22 676 $a610.153$cFisica medica$v22 702 1$aD?Angelantonio$bMila$3VANV094841 702 1$aVenturi$bMargherita$3VANV094840 712 $aSpringer $3VANV108073$4650 801 $aIT$bSOL$c20240614$gRICA 856 4 $u/sebina/repository/catalogazione/documenti/315.pdf$z315.pdf 856 4 $uhttps://link.springer.com/book/10.1007/978-3-319-54145-7$zE-book - Accesso al full-text attraverso riconoscimento IP di Ateneo, proxy e/o Shibboleth 899 $aBIBLIOTECA DEL DIPARTIMENTO DI SCIENZE E TECNOLOGIE AMBIENTALI BIOLOGICHE E FARMACEUTICHE$1IT-CE0101$2VAN17 912 $fN 912 $aVAN0123429 950 $aBIBLIOTECA DEL DIPARTIMENTO DI SCIENZE E TECNOLOGIE AMBIENTALI BIOLOGICHE E FARMACEUTICHE$d17CONS e-book 2111 $e17BIB2111/78 78 20190919 996 $aApplications of Radiation Chemistry in the Fields of Industry, Biotechnology and Environment$91560498 997 $aUNICAMPANIA LEADER 02284nam0 22004573i 450 001 VAN0256668 005 20230830124329.181 017 70$2N$a9783540375876 100 $a20230405d1975 |0itac50 ba 101 $aeng 102 $aDE 105 $a|||| ||||| 200 1 $aUnivalent Functions$eSelected Topics$fGlenn Schober 210 $aBerlin$cSpringer$d1975 215 $av, 200 p.$d24 cm 461 1$1001VAN0102250$12001 $aLecture notes in mathematics$1210 $aBerlin [etc.]$cSpringer$v478 606 $a30C45$xSpecial classes of univalent and multivalent functions of one complex variable (starlike, convex, bounded rotation, etc.) [MSC 2020]$3VANC019786$2MF 606 $a30-XX$xFunctions of a complex variable [MSC 2020]$3VANC020785$2MF 606 $a30C55$xGeneral theory of univalent and multivalent functions of one complex variable [MSC 2020]$3VANC021635$2MF 606 $a30C62$xQuasiconformal mappings in the complex plane [MSC 2020]$3VANC021636$2MF 606 $a30C75$xExtremal problems for conformal and quasiconformal mappings, other methods [MSC 2020]$3VANC021637$2MF 606 $a30C70$xExtremal problems for conformal and quasiconformal mappings, variational methods [MSC 2020]$3VANC022726$2MF 606 $a30C50$xCoefficient problems for univalent and multivalent functions of one complex variable [MSC 2020]$3VANC037552$2MF 610 $aBoundary Element Methods$9KW:K 610 $aExtrema$9KW:K 610 $aForms$9KW:K 610 $aFunctions$9KW:K 610 $aMapping$9KW:K 610 $aQuasiconformal mapping$9KW:K 610 $aSimple functions$9KW:K 620 $dBerlin$3VANL000066 700 1$aSchober$bGlenn$3VANV210134$058483 712 $aSpringer $3VANV108073$4650 801 $aIT$bSOL$c20240614$gRICA 856 4 $uhttps://doi.org/10.1007/BFb0077279$zE-book ? Accesso al full-text attraverso riconoscimento IP di Ateneo, proxy e/o Shibboleth 899 $aBIBLIOTECA DEL DIPARTIMENTO DI MATEMATICA E FISICA$1IT-CE0120$2VAN08 912 $fN 912 $aVAN0256668 950 $aBIBLIOTECA DEL DIPARTIMENTO DI MATEMATICA E FISICA$d08CONS e-book 5924 $e08eMF5924 20230627 996 $aUnivalent functions$980873 997 $aUNICAMPANIA LEADER 01319nam0 2200301 i 450 001 VAN00014487 005 20240806100259.771 010 $a88-86928-51-3 100 $a20031204d2001 |0itac50 ba 101 $aita 102 $aIT 105 $a|||| ||||| 200 1 $aGuerra senza limiti: l'arte della guerra asimettrica fra terrorismo e globalizzazione$fQiao Liang, Wang Xiangsui$ga cura del Generale Ganio Mini 210 $aGorizia$cLibreria Editrice Goriziana$dc2001 215 $a195 p.; 22 cm 410 1$1001VAN00029633$12001 $aLeguerre$estoria di uomini, armi, atti di forza$1210 $aGorizia$cLeg.$v10 606 $aTerrorismo$3VANC005040$2FI 620 $dGorizia$3VANL001316 700 1$aLiang$bQiao$3VANV010556$0729630 701 1$aXiangsui$bWang$3VANV010557$0729629 702 1$aMini$bFabio$3VANV010558 801 $aIT$bSOL$c20240906$gRICA 899 $aBIBLIOTECA DEL DIPARTIMENTO DI GIURISPRUDENZA$1IT-CE0105$2VAN00 912 $aVAN00014487 950 $aBIBLIOTECA DEL DIPARTIMENTO DI GIURISPRUDENZA$d00CONS VIII.Eo.387 $e00 23951 20031204 966 $aAttualitą e storia$yTerrorismo$3VANC007623 996 $aGuerra senza limiti: l'arte della guerra asimettrica fra terrorismo e globalizzazione$91429311 997 $aUNICAMPANIA